[Event "38th Olympiad"]
[Site "Dresden GER"]
[Date "2008.11.13"]
[Round "1"]
[White "Blackburn,J"]
[Black "Ho Hou Meng,H"]
[Result "1-0"]
[WhiteElo "2175"]
[BlackElo "1926"]
[EventDate "2008.11.13"]

1. d4 e6 2. c4 d5 3. Nc3 c6 4. Nf3 f5 5. g3 Nf6 6. Bg2 Bd6 7. O-O O-O 8.
Rb1 Ne4 9. Qc2 Nd7 10. b4 a6 11. a4 b5 12. Nxe4 fxe4 13. Ng5 Qe7 14. axb5
axb5 15. cxd5 cxd5 16. Bxe4 dxe4 17. Qxe4 Nf6 18. Qxa8 Bb7 19. Qa7 h6 20.
Nxe6 Qxe6 21. Qxb7 Qxe2 22. Be3 Qh5 23. Rb3 Ng4 24. Qg2 Qf7 25. Ra3 Bxb4
26. Ra8 Kh8 27. Rfa1 Bd6 28. Rxf8+ Bxf8 29. Ra8 b4 30. Rb8 Kg8 31. Qa8 Nf6
32. Rxb4 Nd5 33. Rb8 Qf5 34. Rxf8+ 1-0

[Event "38th Olympiad"]
[Site "Dresden GER"]
[Date "2008.11.13"]
[Round "1"]
[White "Jose Queralto,D"]
[Black "Hawes,J"]
[Result "1/2-1/2"]
[WhiteElo "2125"]
[BlackElo "2174"]
[EventDate "2008.11.13"]

1. e4 e6 2. d4 d5 3. Bd3 Nf6 4. e5 Nfd7 5. Ne2 c5 6. c3 Nc6 7. a3 cxd4 8.
cxd4 f5 9. b4 Nb6 10. Qb3 Bd7 11. Bd2 Qh4 12. Be3 Rc8 13. Nd2 Be7 14. O-O
O-O 15. f4 a6 16. Nc3 Rc7 17. Rac1 Rfc8 18. Qb2 Na7 19. Nb3 Nc4 20. Bxc4
Rxc4 21. Nc5 Bxc5 22. bxc5 Nb5 23. Nxb5 Rxc1 24. Rxc1 Bxb5 25. a4 Bc6 26.
Ra1 Qe7 27. Bd2 Qd7 28. Qb3 h6 29. Qb4 Kh7 30. Ra3 Rg8 1/2-1/2

[Event "38th Olympiad"]
[Site "Dresden GER"]
[Date "2008.11.13"]
[Round "1"]
[White "Meier,K"]
[Black "Espinoza,F"]
[Result "1/2-1/2"]
[WhiteElo "2037"]
[BlackElo "2243"]
[EventDate "2008.11.13"]

1. e4 c5 2. Nf3 d6 3. d4 cxd4 4. Nxd4 Nf6 5. Nc3 a6 6. f4 e6 7. Qf3 Qc7 8.
Be3 b5 9. a3 Bb7 10. O-O-O Nbd7 11. g4 Nc5 12. Bd3 Rc8 13. g5 Nfd7 14. Kb1
Nxd3 15. cxd3 e5 16. Nf5 g6 17. Ng3 exf4 18. Qxf4 Bg7 19. Rc1 Qb8 20. Rhf1
O-O 21. d4 Nb6 22. h4 Nc4 23. h5 Rce8 24. Rh1 Nxe3 25. Qxe3 f5 26. gxf6
Rxf6 27. hxg6 hxg6 28. Qg5 Qd8 29. Rhg1 Rfe6 30. Qe3 Qb6 31. Rgd1 d5 32.
Qg5 dxe4 33. Nd5 Bxd5 34. Qxd5 Qd6 35. Qb3 Bxd4 36. Nxe4 Qe5 37. Nc3 Bxc3
38. Rxc3 Qf5+ 39. Ka2 Qf7 40. Rf3 Qc7 41. Rc3 Qe5 42. Rh1 Qe4 43. Rhh3 Kg7
44. Rc7+ R8e7 45. Rc8 g5 46. Rhh8 Kg6 47. Rhg8+ Rg7 48. Qd1 Ree7 49. Rh8
Qe6+ 50. Kb1 Qe1 51. Rc6+ Kf7 52. Kc1 g4 53. Rh1 Qe3+ 54. Qd2 Qf3 55. Rhh6
Qf1+ 56. Kc2 Qf5+ 57. Kc1 g3 58. Rhf6+ Qxf6 59. Rxf6+ Kxf6 60. Qf4+ Ke6 61.
Qe4+ Kd6 62. Qd4+ Kc6 63. Qc3+ Kb7 64. Qf3+ Ka7 65. Qg2 Ref7 66. Kd1 Rf2
67. Qc6 Rff7 68. Qc5+ Kb7 69. Qd5+ Kc7 70. Qc5+ Kd8 71. Qb6+ Rc7 72. Qf6+
Ke8 73. Qe6+ Kf8 74. Qf6+ Ke8 75. Qe6+ Rce7 76. Qc8+ Kf7 77. Qf5+ Kg8 78.
Qc8+ Kh7 79. Qh3+ Kg8 80. Qc8+ 1/2-1/2

[Event "38th Olympiad"]
[Site "Dresden GER"]
[Date "2008.11.13"]
[Round "1"]
[White "Santa Torres,J"]
[Black "Murara,M"]
[Result "1-0"]
[WhiteElo "2233"]
[BlackElo "1682"]
[EventDate "2008.11.13"]

1. d4 Nf6 2. c4 g6 3. Nc3 Bg7 4. e4 d6 5. Be2 Nc6 6. d5 Ne5 7. f4 Ned7 8.
Nf3 Nc5 9. Qc2 c6 10. O-O Qb6 11. Kh1 Ng4 12. h3 Nf6 13. Be3 Qc7 14. Rac1
O-O 15. Nd4 Bd7 16. b4 Na6 17. a3 Qc8 18. Kh2 c5 19. bxc5 Nxc5 20. Nb3 b6
21. Nxc5 dxc5 22. Bf3 Rb8 23. Rfe1 a6 24. Qf2 Ne8 25. e5 Bh8 26. Qh4 Ng7
27. g4 h5 28. Ne4 Re8 29. d6 Bc6 30. Rcd1 Bxe4 31. Bxe4 exd6 32. Rxd6 b5
33. Bc6 Re6 34. cxb5 Rxd6 35. exd6 axb5 36. d7 Qc7 37. Bxb5 Ne6 38. a4 Nxf4
39. Bxf4 Qxf4+ 40. Qg3 Qxg3+ 41. Kxg3 h4+ 42. Kf3 Rf8 43. Re8 Bf6 44. a5
Bd8 45. a6 Bb6 46. a7 1-0

[Event "38th Olympiad"]
[Site "Dresden GER"]
[Date "2008.11.13"]
[Round "1"]
[White "Raul,V"]
[Black "Kabera,G"]
[Result "1-0"]
[WhiteElo "2099"]
[BlackElo "1949"]
[EventDate "2008.11.13"]

1. e4 e6 2. d4 d5 3. Nc3 Bb4 4. e5 Nc6 5. Nf3 a6 6. Bd3 h6 7. O-O Nge7 8.
Ne2 Nf5 9. c3 Be7 10. Nf4 Na5 11. Nh5 g6 12. Ng3 Nc6 13. Bd2 Bd7 14. Qe2 h5
15. Nxf5 exf5 16. b4 Be6 17. a4 g5 18. b5 Na5 19. bxa6 bxa6 20. Bxa6 g4 21.
Ne1 c6 22. Bd3 Nb3 23. Ra2 Nxd2 24. Qxd2 f4 25. f3 Bg5 26. Qd1 g3 27. h3
Qa5 28. Qd2 h4 29. Nc2 Qb6 30. Nb4 Kf8 31. Rb1 Qc7 32. Na6 Qc8 33. Rab2 Kg7
34. Rb7 Bxh3 35. Rc7 Qd8 36. gxh3 Rxa6 37. Rbb7 Rf8 38. Bxa6 Qe8 39. Bd3
Qe6 40. Kg2 Bh6 41. Bc2 Kg8 42. Re7 Qc8 43. Qd3 f5 44. exf6 1-0

[Event "38th Olympiad"]
[Site "Dresden GER"]
[Date "2008.11.13"]
[Round "1"]
[White "Gilruth,P"]
[Black "Elliott,W"]
[Result "0-1"]
[WhiteElo "2185"]
[BlackElo "2264"]
[EventDate "2008.11.13"]

1. Nf3 d5 2. d4 c6 3. c4 e6 4. Nc3 dxc4 5. a4 Bb4 6. e4 b5 7. Bd2 a5 8.
axb5 Bxc3 9. Bxc3 cxb5 10. b3 Bb7 11. d5 Nf6 12. bxc4 b4 13. Bb2 O-O 14.
Bd3 exd5 15. exd5 Re8+ 16. Kf1 Nbd7 17. h4 Nc5 18. Bc2 Ba6 19. Kg1 Bxc4 20.
d6 Be2 21. Qd4 Bxf3 22. gxf3 Rc8 23. Bf5 Rc6 24. Rd1 Re2 25. Ba1 Nb7 26. d7
Rd6 27. Qxd6 Nxd6 28. Rxd6 b3 29. Bxf6 gxf6 30. Rc6 Kg7 31. h5 Kh6 32. Rh4
Rd2 33. Rg4 b2 34. Kg2 Rxd7 35. Ra6 Rd1 36. Ra7 Qd5 37. Be4 Qxh5 38. Rb7
Qh1+ 39. Kg3 Rg1+ 40. Kf4 Qh2+ 41. Ke3 Re1+ 42. Kd3 Rc1 0-1

[Event "38th Olympiad"]
[Site "Dresden GER"]
[Date "2008.11.13"]
[Round "1"]
[White "Juarez Flores,C"]
[Black "Grooten,H"]
[Result "1/2-1/2"]
[WhiteElo "2358"]
[BlackElo "2376"]
[EventDate "2008.11.13"]

1. e4 c6 2. d4 d5 3. Nc3 dxe4 4. Nxe4 Bf5 5. Ng3 Bg6 6. h4 h6 7. Nf3 Nd7 8.
h5 Bh7 9. Bd3 Bxd3 10. Qxd3 e6 11. Bd2 Ngf6 12. O-O-O Be7 13. Qe2 c5 14.
dxc5 Qc7 15. Kb1 Nxc5 16. Rhe1 O-O 17. Ne5 Rad8 18. f4 Rd6 19. Be3 Rfd8 20.
Rxd6 Bxd6 21. Bxc5 Bxc5 22. Ne4 Rd4 23. Nxf6+ gxf6 24. Nd3 f5 25. Qf3 Bd6
26. g4 Bxf4 27. gxf5 exf5 28. c3 Rc4 29. b3 Rxc3 30. Qxf4 Qxf4 31. Nxf4 Rf3
32. Nd5 f4 33. Re4 Rf1+ 34. Kc2 f3 35. Kd2 Ra1 36. Ke3 Rxa2 37. Kxf3 Ra3
38. Rb4 a5 39. Rxb7 a4 40. Ke4 axb3 41. Ke5 Kg7 42. Rb8 Ra1 43. Rxb3 Rg1
44. Nf4 Rg5+ 45. Ke4 Kf6 46. Rb6+ Kg7 47. Rd6 Rg4 48. Kf3 Rg5 49. Rd2 Kf6
50. Rh2 Ra5 51. Kg4 Rg5+ 52. Kf3 Ra5 53. Ne2 Ra3+ 54. Kg4 Ra4+ 55. Nf4 Ra5
56. Rf2 Ra4 57. Rb2 Ra5 58. Rb6+ Kg7 59. Ne2 Ra4+ 60. Kh3 Ra5 61. Ng3 Rg5
62. Rd6 Ra5 63. Kg4 Ra4+ 64. Kf3 Ra3+ 65. Kf4 Ra4+ 66. Ke5 Ra5+ 67. Kf4
Ra4+ 68. Ne4 Ra5 69. Nf6 Ra1 70. Ne8+ Kf8 71. Rd8 Rf1+ 72. Kg3 Rg1+ 73. Kf2
Rg5 74. Nc7+ Ke7 75. Rd5 f5 76. Kf3 Rxh5 77. Kf4 Rh1 78. Kxf5 Rh5+ 79. Kf4
Re5 80. Kxe5 1/2-1/2

[Event "38th Olympiad"]
[Site "Dresden GER"]
[Date "2008.11.13"]
[Round "1"]
[White "Dekker,Marv"]
[Black "Lorenzana,W"]
[Result "0-1"]
[WhiteElo "2130"]
[BlackElo "2202"]
[EventDate "2008.11.13"]

1. d4 Nf6 2. c4 d6 3. Nc3 g6 4. e4 Bg7 5. f3 O-O 6. Be3 c6 7. Qd2 Nbd7 8.
O-O-O e5 9. d5 c5 10. Bd3 a6 11. Nge2 Rb8 12. h4 Qa5 13. h5 b5 14. hxg6
fxg6 15. Bh6 Rf7 16. Bxg7 Rxg7 17. g4 Kh8 18. Rh3 bxc4 19. Bb1 Nf8 20. Rdh1
Ng8 21. Nd1 c3 22. Qxc3 Qd8 23. a3 Bd7 24. Bc2 Qf6 25. Qd2 Bb5 26. g5 Qd8
27. Nec3 Bd7 28. Rg3 Rf7 29. Ba4 Bxa4 30. Nxa4 Rb3 31. Rh2 Rbxf3 32. Rxf3
Rxf3 33. Qg2 Rf4 34. Nac3 Rf7 35. Ne3 Nd7 36. Rh3 Nb6 37. Ne2 c4 38. Qg4
Rg7 39. Qg3 Qf8 40. Qf3 Rf7 41. Qh1 Na4 42. Ng3 Qb8 43. Nd1 Qd8 0-1

[Event "38th Olympiad"]
[Site "Dresden GER"]
[Date "2008.11.13"]
[Round "1"]
[White "Quinones,Ces"]
[Black "Mensing,F"]
[Result "1-0"]
[WhiteElo "2312"]
[BlackElo "2119"]
[EventDate "2008.11.13"]

1. e4 e5 2. Nf3 Nc6 3. Bb5 a6 4. Ba4 Nf6 5. O-O Be7 6. Re1 b5 7. Bb3 O-O 8.
h3 d5 9. exd5 Nxd5 10. Nxe5 Nxe5 11. Rxe5 c6 12. d3 Bd6 13. Re1 Qh4 14. Qf3
Nf6 15. Nc3 Bb7 16. Ne4 Nxe4 17. Rxe4 Qd8 18. Re2 Qc7 19. Bd2 Rad8 20. Rae1
c5 21. Qg4 Qc6 22. Bc3 g6 23. f3 Bb8 24. Re6 Rd6 25. Re7 c4 26. dxc4 bxc4
27. Qxc4 Qb6+ 28. Kh1 Bd5 29. Qh4 Bxb3 30. Qh6 Rf6 31. Re8 Qd6 32. Rxf8+
Qxf8 33. Qxf8+ Kxf8 34. Bxf6 1-0

[Event "38th Olympiad"]
[Site "Dresden GER"]
[Date "2008.11.13"]
[Round "1"]
[White "Maduro,S"]
[Black "Galvez Dastin,E"]
[Result "0-1"]
[WhiteElo "2048"]
[BlackElo "2178"]
[EventDate "2008.11.13"]

1. e4 c6 2. d4 d5 3. Nc3 dxe4 4. Nxe4 Bf5 5. Ng3 Bg6 6. Nf3 Nf6 7. h4 Nh5
8. Nxh5 Bxh5 9. Be2 e6 10. Be3 Be7 11. Ne5 Bxe2 12. Qxe2 Nd7 13. Nf3 Qa5+
14. c3 Nb6 15. Bf4 Nd5 16. Bd2 Qb5 17. c4 Qxb2 18. O-O Nb6 19. Qd3 Qa3 20.
Qe2 Qa6 21. Rfc1 Rc8 22. Ne5 Bf6 23. Qg4 h5 24. Qe4 Nd7 25. Bf4 Bxe5 26.
Bxe5 f5 27. Qe2 Kf7 28. Qe3 Nf6 29. Qg5 Qa3 30. c5 b5 31. Rab1 Rcg8 32. Rb3
Qxa2 33. Rg3 Rh6 34. Bxf6 Rxf6 35. Qf4 Rc8 36. Qd6 Qd5 37. Ra1 Qxd6 38.
cxd6 Rg6 39. Rxa7+ Kf6 40. Rc3 Rg4 41. d7 Rd8 42. Rxc6 Rxd4 43. Raa6 Re4
44. Rab6 Rxd7 45. Rxe6+ Rxe6 0-1

[Event "38th Olympiad"]
[Site "Dresden GER"]
[Date "2008.11.13"]
[Round "1"]
[White "Baba,M"]
[Black "Anit,T"]
[Result "1-0"]
[WhiteElo "2220"]
[BlackElo "1881"]
[EventDate "2008.11.13"]

1. e4 c5 2. Nf3 d6 3. d4 cxd4 4. Nxd4 Nf6 5. Nc3 a6 6. Bc4 e6 7. Bb3 Be7 8.
O-O O-O 9. Qf3 Qc7 10. Qg3 Rd8 11. Bh6 Bf8 12. Bg5 Be7 13. Nf5 g6 14. Nxe7+
Qxe7 15. Qh4 Nbd7 16. e5 dxe5 17. Ne4 Qf8 18. Nxf6+ Nxf6 19. Bxf6 Rd4 20.
Qg3 b5 21. Qxe5 Rd7 22. Rad1 Raa7 23. h4 Rab7 24. h5 Rxd1 25. Rxd1 Rd7 26.
Rxd7 Bxd7 27. hxg6 fxg6 28. Bxe6+ Bxe6 29. Qxe6+ Qf7 30. Qd6 Qe8 31. Be5
Qf7 32. Qd8+ Qf8 33. Qd7 h5 34. Qe6+ 1-0

[Event "38th Olympiad"]
[Site "Dresden GER"]
[Date "2008.11.13"]
[Round "1"]
[White "Farazi,K"]
[Black "Uesugi,S"]
[Result "0-1"]
[WhiteElo "2207"]
[BlackElo "2222"]
[EventDate "2008.11.13"]

1. d4 Nf6 2. c4 g6 3. Nc3 d5 4. Nf3 Bg7 5. g3 O-O 6. Bg2 c6 7. O-O dxc4 8.
Ne5 Ng4 9. Nxg4 Bxg4 10. h3 Be6 11. e3 Na6 12. a3 Qc8 13. Kh2 Rd8 14. Qc2
Rb8 15. Bd2 c5 16. d5 Bxc3 17. Bxc3 Bxd5 18. Bxd5 Rxd5 19. Qe4 Qd7 20. Qxc4
Nc7 21. a4 b6 22. Qg4 Rd8 23. Qe2 Qe6 24. Qf3 R5d7 25. Rfd1 Rxd1 26. Rxd1
Rxd1 27. Qxd1 Qd5 28. Qe2 c4 29. Qg4 Ne6 30. h4 h5 31. Qe2 Nc5 32. a5 b5
33. Bd4 Nb3 34. Bc3 a6 35. Qe1 Nc5 36. Bd4 Nd3 37. Qd2 Ne5 38. Qc3 Nf3+ 0-1

[Event "38th Olympiad"]
[Site "Dresden GER"]
[Date "2008.11.13"]
[Round "1"]
[White "Sano,T"]
[Black "Sharify,A"]
[Result "1/2-1/2"]
[WhiteElo "2111"]
[BlackElo "2118"]
[EventDate "2008.11.13"]

1. e4 e5 2. Nf3 Nc6 3. Bb5 a6 4. Ba4 Nf6 5. O-O Be7 6. Re1 b5 7. Bb3 d6 8.
c3 Nb8 9. d4 Nbd7 10. Nbd2 Bb7 11. Bc2 c5 12. Nf1 cxd4 13. cxd4 O-O 14. Ng3
Re8 15. b3 Rc8 16. Bb2 Bf8 17. d5 g6 18. Bc1 Bg7 19. Bd2 Qb6 20. a4 Ng4 21.
Rf1 Bh6 22. axb5 Bxd2 23. Nxd2 axb5 24. Qxg4 Rxc2 25. Qxd7 Rd8 26. Qe7 Rxd2
27. Rac1 Rf8 28. Rc7 Bc8 29. h4 Rd3 30. Kh2 Bg4 31. f3 Bc8 32. Nh5 gxh5 33.
Qg5+ Kh8 34. Qf6+ 1/2-1/2